| 000 | 00665nam a2200193 u 4500 | ||
|---|---|---|---|
| 001 | 000002895 | ||
| 005 | 20200929150259.0 | ||
| 008 | 090704s1983 dr a r 000 0 spa d | ||
| 040 |
_aDO-SdBNP _bspa _cBNPHU |
||
| 082 |
_a338.6 _bD543e |
||
| 100 | 1 |
_aDíaz, Joaquín Antonio _99200 |
|
| 245 | 1 | 0 |
_aFundamentos de economía industrial / _cJoaquín Antonio Díaz. |
| 260 |
_aSanto Domingo : _bPunto y Aparte Editores, _c1983. |
||
| 300 |
_a120p : _bil ; _c18cm. |
||
| 500 | _aIncluye datos biográficos | ||
| 500 | _aContiene referencias bibliográficas | ||
| 651 | 4 |
_aRepública Dominicana _xIndustrias _98277 |
|
| 651 | 4 |
_aRepública Dominicana _xPolitica Económica _9643 |
|
| 999 |
_c2729 _d2729 |
||